000 00366nam a2200145Ia 4500
008 230917s9999||||xx |||||||||||||| ||und||
040 _e72325
_aMAIN
041 _aEnglish
082 _a005.1 G341F
100 _aGhizzi, Carlo
245 0 _aFundamentals of software engineering
260 _aNew Delhi
_bPrentice-Hall
_c2000
300 _axv, 573 p.
942 _cBK
999 _c105194
_d105194